000 00484nam a2200157 a 4500
001 000029267
005 20200930055434.0
008 110414s1958 dr 000 0 spa d
040 _aDO-SdBNP
_bspa
_cBNPHU
082 _axxx
_bP147t
100 1 _aPaino Pichardo, Rafael
_956155
245 1 0 _aTríptico imperecedero :
_b(discurso) /
_cRafael Paino Pichardo.
260 _aCiudad Trujillo, República Dominicana :
_bEditora Montalvo,
_c1958.
300 _a17 p. ;
_c23 cm.
049 _aBNPD
999 _c28759
_d28759